Eastern Utah Libraries Catalog: Duchesne, Heber, Roosevelt, & Vernal

Eloise's Mother's Day surprise / (Record no. 62700)

MARC details
000 -LEADER
fixed length control field 01343cam a2200409 4500
001 - CONTROL NUMBER
control field 15524586
005 - DATE AND TIME OF LATEST TRANSACTION
control field 20241220123606.0
008 - FIXED-LENGTH DATA ELEMENTS--GENERAL INFORMATION
fixed length control field 081117s2009 nyu b 000 1 eng
010 ## - LIBRARY OF CONGRESS CONTROL NUMBER
LC control number 2008049718
020 ## - INTERNATIONAL STANDARD BOOK NUMBER
International Standard Book Number 9781416978893 (pbk.)
020 ## - INTERNATIONAL STANDARD BOOK NUMBER
International Standard Book Number 1416978895 (pbk.)
040 ## - CATALOGING SOURCE
Original cataloging agency DLC
Transcribing agency DLC
042 ## - AUTHENTICATION CODE
Authentication code lcac
050 00 - LIBRARY OF CONGRESS CALL NUMBER
Classification number PZ7.M47841375
Item number Elf 2009
082 00 - DEWEY DECIMAL CLASSIFICATION NUMBER
Classification number [E]
Edition number 22
092 ## - LOCALLY ASSIGNED DEWEY CALL NUMBER (OCLC)
Classification number MCCLATCHY
100 1# - MAIN ENTRY--PERSONAL NAME
Personal name McClatchy, Lisa.
9 (RLIN) 5837904
245 10 - TITLE STATEMENT
Title Eloise's Mother's Day surprise /
Statement of responsibility, etc story by Lisa McClatchy ; illustrated by Tammie Lyon.
250 ## - EDITION STATEMENT
Edition statement 1st Aladdin Paperbacks ed.
260 ## - PUBLICATION, DISTRIBUTION, ETC. (IMPRINT)
Place of publication, distribution, etc New York :
Name of publisher, distributor, etc Aladdin,
Date of publication, distribution, etc 2009.
263 ## - PROJECTED PUBLICATION DATE
Projected publication date 0903
300 ## - PHYSICAL DESCRIPTION
Extent p. cm.
490 0# - SERIES STATEMENT
Series statement Kay Thompson's Eloise
490 0# - SERIES STATEMENT
Series statement Ready-to-read
500 ## - GENERAL NOTE
General note "Artwork in the style of Hilary Knight"--T.p. verso.
520 ## - SUMMARY, ETC.
Summary, etc Nanny takes Eloise shopping for the "best best best" Mother's Day gifts.
650 #1 - SUBJECT ADDED ENTRY--TOPICAL TERM
Topical term or geographic name as entry element Shopping
Form subdivision Fiction.
9 (RLIN) 5675955
650 #1 - SUBJECT ADDED ENTRY--TOPICAL TERM
Topical term or geographic name as entry element Gifts
Form subdivision Fiction.
9 (RLIN) 5675570
650 #1 - SUBJECT ADDED ENTRY--TOPICAL TERM
Topical term or geographic name as entry element Mother's Day
Form subdivision Fiction.
9 (RLIN) 5676971
610 21 - SUBJECT ADDED ENTRY--CORPORATE NAME
Corporate name or jurisdiction name as entry element Plaza Hotel (New York, N.Y.)
Form subdivision Fiction.
9 (RLIN) 6195225
650 #1 - SUBJECT ADDED ENTRY--TOPICAL TERM
Topical term or geographic name as entry element Hotels, motels, etc.
Form subdivision Fiction.
9 (RLIN) 5686077
651 #1 - SUBJECT ADDED ENTRY--GEOGRAPHIC NAME
Geographic name New York (N.Y.)
Form subdivision Fiction.
9 (RLIN) 5673704
700 1# - ADDED ENTRY--PERSONAL NAME
Personal name Lyon, Tammie,
Relator term ill.
9 (RLIN) 46033
700 1# - ADDED ENTRY--PERSONAL NAME
Personal name Thompson, Kay,
Dates associated with a name 1909-1998.
9 (RLIN) 41865
942 ## - ADDED ENTRY ELEMENTS (KOHA)
Koha item type BOOK
998 ## - LOCAL CONTROL INFORMATION (RLIN)
-- a126150
Holdings
Withdrawn status Lost status Source of classification or shelving scheme Damaged status Not for loan Collection code Home library Current library Shelving location Date acquired Source of acquisition Cost, normal purchase price Total Checkouts Total Renewals Full call number Barcode Checked out Date last seen Date checked out Cost, replacement price Price effective from Koha item type
    Dewey Decimal Classification     Children Leveled Wasatch County Library Wasatch County Library Main Floor Childrens Area 04/05/2018   16.99 21 16 E McC 34301001725490 05/01/2026 03/05/2026 03/05/2026 16.99 03/20/2020 BOOK
This project was made possible through a grant from the Institute of Museum and Library Service administered by the Utah State Library Division.

Wasatch County Library

  • 465 East 1200 South, Heber City, Utah 84032
  • Phone 435-654-1511 | Fax 435-654-6456

Hours

  • Monday - Friday 9:30 AM - 8:00 PM
  • Saturday 9:30 AM - 1:30 PM
  • Closed Sundays and Holidays